Filmrolle zu Schauspieler/in (7) - Statistiken

Allgemein
  • Dieses Quiz wurde 60 mal gespielt
  • Das Durchschnittsergebnis liegt bei 5 aus 15
Antwortstatistiken
Filmrolle Filmrolle Filmrolle Filmrolle Schauspieler/in % Korrekt
Mikael Blomkvist Benoit Blanc James Bond Lord Asriel Daniel Craig
75%
Gorr Patrick Bateman Bruce Wayne / Batman Ken Miles Christian Bale
67%
Ephraim Winslow / Thomas Howard Vincent van Gogh Peter van Houten Norman Osborn / The Green Goblin Willem Dafoe
55%
August Walker / John Lark Napoleon Solo Geralt von Riva Clark Kent / Superman Henry Cavill
47%
Tara Carpenter Cairo Sweet Lorraine Wednesday Addams Jenna Ortega
45%
V Elrond Johann Schmidt / Red Skull Agent Smith Hugo Weaving
39%
Joker Paolo Gucci Dr. Michael Morbius Angel Face Jared Leto
33%
Troy Bolton Jason Kelly Kevin Von Erich Matt Brody Zac Efron
33%
Ruby "Rue" Bennett Chani Michelle "MJ" Jones-Watson Tashi Duncan Zendaya
33%
Joi Dani Miranda Marilyn Monroe Marta Cabrera Ana De Armas
27%
Lois Lane Dr. Louise Banks Amelia Earhart Sydney Prosser / Lady Edith Greensley Amy Adams
16%
Donald Rumsfeld Evan Baxter Michael Scott Brick Tamland Steve Carell
14%
Alfred Pennyworth Ulysses Klaue / Klaw Gollum / Sméagol Oberster Anführer Snoke Andy Serkis
12%
Mr. Pink Wiley Theodore Donald "Donny" Kerabatsos Rockhound Steve Buscemi
8%
Donnie Azoff Joseph Silverman Morton Schmidt / Doug McQuaid Efraim Diveroli Jonah Hill
4%
Keine übereinstimmenden Quizze gefunden
Verteilung der Resultate
Anzahl Personen mit jedem Resultat
Perzentil nach korrekt beantworteten Fragen
Ihre Resultats-Entwicklung
Sie haben dieses Quiz noch nicht gespielt